Genética y ADN : Biotecnología.

Guardado en:
Formato: Deslizar
Series:Omni science
Materias:
ADN
Etiquetas: Agregar Etiqueta
Sin Etiquetas, Sea el primero en etiquetar este registro!
LEADER 01146ngm a22003375g 4500
001 CEM.cems022175
008 130507b1996##################0###0#####d
005 20241009132614.0
245 0 0 |a Genética y ADN :  |b Biotecnología. 
300 |a 49'. 
490 0 |a Omni science 
500 |a En soporte VHS, consultar en ventanilla. 
505 0 |a Código genético. Mendell. Cromosomas. Genes. ADN. Patrimonio genético: mutaciones. Modificación de códigos genéticos en laboratorio. Niños "in vitro". Cuestiones éticas. Detección de defectos físicos antes del nacimiento. 
538 |a Soporte: VHS - Norma: Pal N - Color - Grabación DRD 1996 - Hitachi=4126 
082 6 1 |/ ILL 
653 |a BIOLOGIA 
653 |a ANATOMIA 
653 |a FISIOLOGIA 
653 |a INGENIERIA GENETICA 
653 |a GENETICA 
653 |a ADN 
653 |a MENDELL 
653 |a CROMOSOMAS 
653 |a GENES 
653 |a CODIGO GENETICO 
653 |a IN VITRO 
653 |a BIOTECNOLOGIA 
653 |a VACUNAS 
653 |a NIVEL PRIMARIO 
653 |a NIVEL SECUNDARIO 
859 |a CEMS  |b BIB. CEMS - Depto. Recursos Didacticos  |h 611  |i ILL  |k DRD  |p 818.12  |t Ej.1